000 00332nam a2200133Ia 4500
008 260604s9999 xx 000 0 und d
020 _a9781647287184
082 _a004 KAP
100 _aWilliam kaplan
_935711
245 0 _aData Protection: Laws and Regulations 2025
260 _bWillford Press
500 _aIT, Data
942 _cBK
999 _c8535
_d8535